000 00660nam a2200205Ia 4500
003 GCL
008 140319s9999 xx 000 0 ara d
040 _aGCL /
_cGCL
082 0 4 _a953.01
_bح ع
100 1 _aحسين الشيخ
245 1 0 _aالعرب قبل الاسلام /
_cحسين الشيخ
260 _aالقاهرة :
_bدار المعرفة الجامعية ،
_c1993
300 _a240 ؛
_c24 سم
490 _aدراسات فى تاريخ الحضارات القديمة
_v4
650 0 4 _aالعرب قبل الاسلام
650 0 4 _aالقبائل العربية
650 0 4 _aسبأ
650 0 4 _aحضر موت
942 _2ddc
_cBK
999 _c41216
_d41216